| 000 | 01248nam a22003617a 4500 | ||
|---|---|---|---|
| 003 | CHAP | ||
| 005 | 20220329133949.0 | ||
| 008 | 971013s1984 r 00010 d | ||
| 010 | _a13319 | ||
| 011 | _a14291 | ||
| 035 | _a18364 | ||
| 040 | _cCHAP | ||
| 090 | _aTesis | ||
| 100 | 0 | 0 |
_aGómez Morales, Santiago Benjamín. _949823 |
| 245 | _aEstudio agroclimático del Distrito de Temporal No. VI Tehuacán, Puebla | ||
| 260 |
_aChapingo, Méx. : _bEl autor, _c1984 |
||
| 300 |
_a180 h. _b: mapas ; gráfs |
||
| 502 | _aTesis (Ing. Agrónomo Esp. en Zonas Aridas) -- UACH. Departamento de Zonas Aridas | ||
| 590 |
_aALEPH _b10 _c20130110 _lUCH01 _h1232 |
||
| 590 |
_aBATCH-UPD _b10 _c20130109 _lUCH01 _h2326 |
||
| 590 |
_aBATCH-UPD _b10 _c20130110 _lUCH01 _h2257 |
||
| 590 |
_aBATCH-UPD _b10 _c20130410 _lUCH01 _h1550 |
||
| 590 |
_aBATCH-UPD _b10 _c20130914 _lUCH01 _h1209 |
||
| 590 |
_aCONVERSION _b10 _c20130109 _lUCH01 _h1309 |
||
| 650 | 1 | 4 |
_aClima _xPuebla. _923840 |
| 650 | 1 | 4 |
_aDistrito de Temporal No. 6. _932964 |
| 901 | _aBK | ||
| 942 | _cFOLL | ||
| 949 |
_bBC _cTES _d-42882 _eTS1 _i18364 _si |
||
| 949 |
_bBC _cTES _d-42884 _eTS2 _fc.2 _i18364 _si |
||
| 949 |
_bBC _cTES _d-42885 _eTS2 _fc.3 _i18364 _si |
||
| 949 |
_bBC _cTES _d-42886 _eTS2 _fc.4 _i18364 _si |
||
| 999 |
_c13319 _d13319 |
||